[Event "Kuwait Rapid op 3rd"]
[Site "Kuwait City"]
[Date "2025.05.02"]
[Round "4"]
[White "Rosebert, Abera"]
[Black "El Adnani, Mokliss"]
[Result "0-1"]
[WhiteElo "1808"]
[BlackElo "2401"]
[PlyCount "88"]
[EventDate "2025.05.02"]
[EventType "swiss (rapid)"]
[EventRounds "9"]
[EventCountry "KUW"]
[SourceTitle "CB19_2025"]
[SourceDate "2025.05.07"]
[SourceVersion "1"]
[SourceVersionDate "2025.05.07"]
[SourceQuality "1"]

1. e4 c5 2. b3 Nf6 3. Nc3 Nc6 4. Bb2 d6 5. Bb5 Bd7 6. Bxc6 Bxc6 7. Qe2 e6 8. f4 Be7 9. Nf3 a6 10. a4 b5 11. axb5 axb5 12. Rxa8 Qxa8 13. Nxb5 Qa2 14. Bxf6 gxf6 15. Nc3 Qxc2 16. 0-0 Kd7 17. Ra1 Rb8 18. Ne1 Qb2 19. Rb1 Qa3 20. Nc2 Qa7 21. Kh1 Rg8 22. Ne3 Qb7 23. d3 Qb4 24. Qd2 f5 25. Nc2 Qb7 26. b4 cxb4 27. Rxb4 Qa8 28. Qe2 Bf6 29. Nd1 Rg4 30. g3 Rg8 31. Kg1 Qa2 32. e5 Be7 33. exd6 Bxd6 34. Rd4 Ke7 35. Rxd6 Kxd6 36. Qe5+ Kd7 37. Nde3 Qb1+ 38. Kf2 Qh1 39. Qd4+ Ke8 40. Qd6 Qxh2+ 41. Ke1 Qxg3+ 42. Kd2 Bd7 43. Qb8+ Ke7 44. Qe5 Qh2+ 0-1

[Event "Sharjah Rapid"]
[Site "Sharjah"]
[Date "2023.03.27"]
[Round "6"]
[White "Eljanov, Pavel"]
[Black "El Adnani, Mokliss"]
[Result "1/2-1/2"]
[WhiteElo "2704"]
[BlackElo "2406"]
[PlyCount "106"]
[EventDate "2023.03.26"]
[EventType "swiss (rapid)"]
[EventRounds "9"]
[EventCountry "UAE"]
[SourceTitle "CBM 213 Extra"]
[Source "ChessBase"]
[SourceDate "2023.05.31"]
[SourceVersion "1"]
[SourceVersionDate "2023.05.31"]
[SourceQuality "1"]

1. d4 d5 2. c4 c6 3. Nf3 Nf6 4. g3 g6 5. Bg2 Bg7 6. 0-0 0-0 7. a4 Na6 8. a5 dxc4 9. Nc3 c5 10. d5 Nb4 11. e4 e6 12. Be3 Nd3 13. Nd2 exd5 14. exd5 Ng4 15. Qc2 Bf5 16. Nce4 Nxe3 17. fxe3 Nxb2 18. g4 Bxg4 19. Rab1 Be2 20. Rxb2 Bxf1 21. Nxf1 Bxb2 22. Qxb2 f5 23. Nxc5 Qf6 24. Qa2 Qc3 25. d6 f4 26. Ne4 Qb3 27. Qd2 Qd3 28. exf4 Qxd2 29. Nfxd2 Rac8 30. Bh3 c3 31. Bxc8 Rxc8 32. d7 Rd8 33. Nxc3 Rxd7 34. Nde4 Rd3 35. Kf2 h6 36. Nb5 b6 37. a6 Rb3 38. Ned6 Rb2+ 39. Ke3 Ra2 40. Nc7 Rxh2 41. Ndb5 Rc2 42. Nd5 Rc5 43. Ndc3 g5 44. fxg5 hxg5 45. Kf3 Kf7 46. Kg4 Ke6 47. Kf3 Kf5 48. Nd6+ Ke6 49. Ndb5 Kf5 50. Nd4+ Ke5 51. Ndb5 Kf5 52. Nd6+ Ke6 53. Ndb5 Kf5 1/2-1/2

[Event "Sharjah Masters 4th"]
[Site "Sharjah"]
[Date "2021.09.17"]
[Round "1"]
[White "El Adnani, Mokliss"]
[Black "Narayanan, Sunilduth Lyna"]
[Result "0-1"]
[WhiteElo "2428"]
[BlackElo "2632"]
[PlyCount "74"]
[EventDate "2021.09.17"]
[EventType "swiss"]
[EventRounds "9"]
[EventCountry "UAE"]
[SourceTitle "CBM 204 Extra"]
[Source "ChessBase"]
[SourceDate "2021.11.30"]
[SourceVersion "1"]
[SourceVersionDate "2021.11.30"]
[SourceQuality "1"]

1. e4 c5 2. Nf3 e6 3. d4 cxd4 4. Nxd4 Nf6 5. Nc3 Nc6 6. Ndb5 d6 7. Bf4 e5 8. Bg5 a6 9. Na3 b5 10. Nab1 Be7 11. Bxf6 Bxf6 12. a4 b4 13. Nd5 0-0 14. Nd2 Be6 15. Nc4 a5 16. c3 Kh8 17. Be2 Bg5 18. 0-0 Rb8 19. Bg4 g6 20. Bxe6 fxe6 21. Nde3 Be7 22. Qg4 Rf6 23. Rad1 Qc7 24. Rd2 bxc3 25. bxc3 Nd8 26. Qd1 Nb7 27. Nxe5 dxe5 28. Rd7 Qc5 29. Qb1 Rbf8 30. Ng4 Nd8 31. Nxf6 Bxf6 32. Qb8 Qxc3 33. Rfd1 Kg8 34. Rc7 Qa3 35. Qb5 Nf7 36. Qxa5 Bd8 37. Rc3 Qd6 0-1

[Event "Sharjah Blitz op"]
[Site "Sharjah"]
[Date "2021.05.01"]
[Round "3.5"]
[White "El Adnani, Mokliss"]
[Black "Al Kalbani, Wadima"]
[Result "1-0"]
[WhiteElo "2428"]
[BlackElo "1623"]
[PlyCount "60"]
[EventDate "2021.05.01"]
[EventType "swiss (blitz)"]
[EventRounds "9"]
[EventCountry "UAE"]
[SourceTitle "CBM 202 Extra"]
[Source "ChessBase"]
[SourceDate "2021.07.31"]
[SourceVersion "1"]
[SourceVersionDate "2021.07.31"]
[SourceQuality "1"]

1. e4 e5 2. Nf3 Nc6 3. c3 Nf6 4. d4 exd4 5. e5 Ng4 6. cxd4 Qe7 7. Be2 d6 8. h3 Nh6 9. 0-0 Bd7 10. Nc3 0-0-0 11. Bg5 f6 12. Bxh6 gxh6 13. e6 Bxe6 14. d5 Bxh3 15. gxh3 Ne5 16. Nxe5 fxe5 17. Bg4+ Kb8 18. Be6 Qh4 19. Qg4 Qxg4+ 20. hxg4 Be7 21. Kg2 Rdf8 22. Ne4 Rf4 23. f3 Rhf8 24. Rac1 Bg5 25. Rc3 a6 26. Rh1 Ka7 27. Nxg5 hxg5 28. Rxh7 c5 29. dxc6 Kb6 30. Rxb7+ Ka5 1-0

[Event "Sharjah Blitz op"]
[Site "Sharjah"]
[Date "2021.05.01"]
[Round "5.2"]
[White "El Adnani, Mokliss"]
[Black "Kanter, Eduard"]
[Result "0-1"]
[WhiteElo "2428"]
[BlackElo "2384"]
[PlyCount "87"]
[EventDate "2021.05.01"]
[EventType "swiss (blitz)"]
[EventRounds "9"]
[EventCountry "UAE"]
[SourceTitle "CBM 202 Extra"]
[Source "ChessBase"]
[SourceDate "2021.07.31"]
[SourceVersion "1"]
[SourceVersionDate "2021.07.31"]
[SourceQuality "1"]

1. e4 g6 2. d4 Bg7 3. Nc3 c6 4. Nf3 d5 5. h3 dxe4 6. Nxe4 Nd7 7. Bc4 Nb6 8. Bb3 Nf6 9. Nxf6+ exf6 10. Qe2+ Qe7 11. Qxe7+ Kxe7 12. 0-0 Be6 13. Bxe6 fxe6 14. b3 Rhd8 15. c4 g5 16. Re1 Kf7 17. g4 h6 18. a4 Nc8 19. a5 Ne7 20. a6 b6 21. Be3 f5 22. Rad1 Ng6 23. Bxg5 hxg5 24. Nxg5+ Kf6 25. Nxe6 Rd7 26. gxf5 Nh4 27. Rd3 Bh6 28. Kh1 Nxf5 29. Rf3 Re7 30. d5 cxd5 31. cxd5 Rc8 32. Re4 Rd8 33. Rh4 Bc1 34. Nd4 Rxd5 35. Nxf5 Rxf5 36. Rxf5+ Kxf5 37. Kg2 Bg5 38. Rh8 Bf6 39. Rb8 Bd4 40. Kf3 Ke5 41. h4 Rf7+ 42. Kg4 Rxf2 43. Rb7 b5 44. Re7+ 0-1

[Event "Sharjah Masters 3rd"]
[Site "Sharjah"]
[Date "2019.03.23"]
[Round "2"]
[White "El Adnani, Mokliss"]
[Black "Pranav, V."]
[Result "1-0"]
[WhiteElo "2455"]
[BlackElo "2258"]
[PlyCount "85"]
[EventDate "2019.03.22"]
[EventType "swiss"]
[EventRounds "9"]
[EventCountry "UAE"]
[SourceTitle "CBM 189 Extra"]
[Source "ChessBase"]
[SourceDate "2019.05.31"]
[SourceVersion "1"]
[SourceVersionDate "2019.05.31"]
[SourceQuality "1"]

1. Nf3 Nf6 2. b3 b6 3. g3 Bb7 4. Bg2 e6 5. Bb2 c5 6. c4 Be7 7. 0-0 0-0 8. e3 d5 9. cxd5 Nxd5 10. d4 cxd4 11. Nxd4 Nc6 12. e4 Ndb4 13. Nxc6 Nxc6 14. Nd2 Bc5 15. e5 Qe7 16. Ne4 Rad8 17. Nf6+ Kh8 18. Qh5 h6 19. Bc1 Nxe5 20. Bxh6 Qxf6 21. Bg5+ Kg8 22. Bxf6 gxf6 23. Bxb7 Rd2 24. Rad1 Rb2 25. Be4 Re8 26. Kh1 Kg7 27. f4 Rh8 28. Qxh8+ Kxh8 29. fxe5 f5 30. Bxf5 exf5 31. Rxf5 Kg7 32. Rdf1 Kg6 33. Rf6+ Kg5 34. Rxf7 Kg4 35. Rg7+ Kh3 36. Rh7+ Kg4 37. Rxa7 Kh3 38. Rh7+ Kg4 39. Rf4+ Kg5 40. Rf6 Rxa2 41. Rg7+ Kh5 42. g4+ Kh4 43. Rh6# 1-0

[Event "Abidjan rapid"]
[Site "Abidjan"]
[Date "2018.07.25"]
[Round "2"]
[White "Belkhodja, Slim"]
[Black "El Adnani, Mokliss"]
[Result "0-1"]
[WhiteElo "2398"]
[BlackElo "2363"]
[PlyCount "56"]
[EventDate "2018.07.25"]
[EventType "tourn (rapid)"]
[EventRounds "9"]
[EventCountry "IVO"]
[EventCategory "5"]
[SourceTitle "CBM 186 Extra"]
[Source "ChessBase"]
[SourceDate "2018.08.24"]
[SourceVersion "1"]
[SourceVersionDate "2018.08.24"]
[SourceQuality "1"]

1. e4 c5 2. Ne2 Nc6 3. Nbc3 Nf6 4. g3 h5 5. h3 e5 6. Bg2 d6 7. d3 Be7 8. 0-0 Nd4 9. f4 h4 10. g4 Nxg4 11. hxg4 Bxg4 12. Kh2 exf4 13. Rxf4 Bh5 14. Be3 g5 15. Rf1 Bf6 16. Bxd4 cxd4 17. Nd5 Be5+ 18. Kg1 h3 19. Bxh3 Bxe2 20. Qxe2 Rxh3 21. Rxf7 Rg3+ 22. Kf2 Kxf7 23. Qh5+ Kg7 24. Rh1 Qh8 25. Ne7 Qxh5 26. Rxh5 Rf8+ 27. Nf5+ Rxf5+ 28. exf5 g4 0-1